Športový týždeň

Bibliographic Details
Format: Newspaper
Language:Slovak
Published: Bratislava Pravda [1946]
Subjects:

MARC

LEADER 00000cas a2200000 a 4500
001 vtls001316145
003 SK-MaSNL
005 20260228155642.0
008 980113d19461946xo u|n 0 0b0slo
035 |a SNK000268651 
040 |a SNK  |b slo  |c SNK  |e AACR2 
041 0 |a slo 
044 |a xo  |c SK 
072 7 |a 796  |x Šport. Hry. Telesné cvičenia  |2 konspekt 
080 |a 796/799  |2 2011 
080 |a 050  |2 2001 
080 |a 070.48  |2 2011 
245 0 0 |a Športový týždeň 
260 |a Bratislava  |b Pravda  |c [1946] 
300 |a zv. 
310 |a Periodicita nie je známa 
362 0 |a [1946] 
650 0 7 |a šport  |2 SNKPH  |9 1042 
655 7 |a noviny  |2 SNKPH  |9 72987 
850 |a Slovenská národná knižnica v Martine 
910 |a snk 
999 |c 73  |d 73 
952 |0 0  |1 0  |4 0  |7 0  |a SNK  |b SNK  |d 1998-01-13  |l 0  |o snkČSA 763/1/1946  |p 17A0117112  |r 2005-01-02 00:00:00  |w 2026-02-21  |y PREZ